00690nam a22001935i 450000100060000000300090000600500170001500700030003200800410003504000200007610000340009624500910013025000120022126000610023330000260029449000610032083000600038185200550044198886ES-MaACL20250824074918.0t|950918s1897 sp ||||1| spa d aCAM bspa cCAM1 aEchegaray, José,d1832-191613aEl poder de la impotencia b: drama en tres actos y en prosa / cpor José Echegaray. a2ª ed. aMadrid : bFlorencio Fiscowich, c1897 (fImpr. V. Vela) a97, [4] p. ; c20 cm.1 aEl Teatro: colección de obras dramáticas y líricas03aEl teatro: colección de obras dramática y líricas aES-MaACLjB-3100(1) q. - Ded. autógr. del autor